Typologie sídel zejména s ohledem na vliv klimatu

Základný prístup k typológii sídiel z pohľadu ich väzby na krajinu a životné prostredie a návrh doplnenia nového členenia z pohľadu klímy resp. dopadov zmeny klímy na sídla.

Uložené v:
Podrobná bibliografia
Hlavný autor: Šilhánková, Vladimíra
Médium: Kapitola
Jazyk:Czech
Predmet:
Tagy: Pridať tag
Žiadne tagy, Buďte prvý, kto otaguje tento záznam!

MARC

LEADER 00000naa a2200000 4500
001 0258922
005 20220715082714.5
041 0 |a cze 
044 |a CZ 
245 1 0 |a Typologie sídel zejména s ohledem na vliv klimatu  |c Vladimíra Šilhánková 
520 |a Základný prístup k typológii sídiel z pohľadu ich väzby na krajinu a životné prostredie a návrh doplnenia nového členenia z pohľadu klímy resp. dopadov zmeny klímy na sídla. 
610 2 0 |a podmienky životné 
610 2 0 |a prostredie životné 
610 2 0 |a zmeny klimatické 
610 2 0 |a sídliská 
610 2 0 |a podnebie 
100 1 |a Šilhánková, Vladimíra